Behavioral Macroeconomics Theory and Policy

Gespeichert in:
Bibliographische Detailangaben
1. Verfasser: De Grauwe, Paul
Weitere Verfasser: Ji, Yuemei
Format: Buch
Sprache:Englisch
Veröffentlicht: New York Oxford University Press 2019
Ausgabe:1st Edition
Schlagworte:
Tags: Tag hinzufügen
Keine Tags, Fügen Sie das erste Tag hinzu!

MARC

LEADER 00000nam a2200000 4500
001 0269594
005 20230105092957.7
020 |a 978-0-19-883232-4 
041 0 |a eng 
044 |a US 
245 1 0 |a Behavioral Macroeconomics  |b Theory and Policy  |c Paul De Grauwe, Yuemei Ji 
250 |a 1st Edition 
264 1 |a New York  |b Oxford University Press  |c 2019 
300 |a 260 s. 
610 2 0 |a makroekonomika 
610 2 0 |a modely ekonomické 
610 2 0 |a ekonómia behaviorálna 
610 2 0 |a politika peňažná 
610 2 0 |a inflácia 
610 2 0 |a reformy štruktúrne 
610 2 0 |a politika fiškálna 
610 2 0 |a banky 
610 2 0 |a cykly podnikateľské 
100 1 |a De Grauwe, Paul 
700 1 |a Ji, Yuemei